|
|
|
|
| LEADER |
00736cam a2200217 7i4500 |
| 001 |
0000018998 |
| 005 |
20170620090000.0 |
| 008 |
071127 eng |
| 020 |
|
|
|a 0071454063 (pbk.)
|
| 020 |
|
|
|a 9780071454063 (pbk.)
|
| 090 |
0 |
0 |
|a HF5383
|b .B48 2006
|
| 100 |
1 |
|
|a Betrus, Michael
|
| 245 |
1 |
0 |
|a Perfect phrases for cover letters
|c Michael Betrus.
|
| 260 |
|
|
|a New York:
|b McGraw-Hill,
|c 2006.
|
| 300 |
|
|
|a vi, 137 p.;
|c 20 cm.
|
| 650 |
0 |
0 |
|a Resumes (Employment)
|
| 650 |
0 |
0 |
|a Cover letters
|
| 650 |
0 |
0 |
|a Job hunting
|
| 997 |
|
|
|a Education & Social Sciences, Faculty
|b Education, Department
|
| 999 |
|
|
|a 0000020202
|b BOK
|c OPEN SHELF
|e 1st Floor, Bestari Jaya
|
| 999 |
|
|
|a 0000020293
|b BOK
|c OPEN SHELF
|e 1st Floor, Shah Alam
|